000 00304nam a2200133Ia 4500
008 230312s9999||||xx |||||||||||||| ||und||
082 _a720.19
_bCHA-S
100 _aCharpentier; Galerie
245 0 _aSotheby's
260 _bParis
_aParis
_c2007
300 _a237
650 _aArchitecture
942 _cBK
999 _c11698
_d11698